000 00318pab a2200145 454500
008 180718b1999 xxu||||| |||| 00| 0 eng d
100 _aPal, R.M.
245 _aTorture and media awareness
260 _c1999
300 _ap.18-20
362 _a28 Aug
650 _aTorture
773 _aMainstream
909 _a42016
999 _c42016
_d42016